000
00315nam a2200133Ia 4500
100
_a
Stellman. A . Thomas
942
_c
BK
366
_f
15
654
_a
Harnessing Autocad R.14
245
_a
Harnessing Autocad R.14
260
_b
Comdex Computer Publishing
_a
New Delhi
_c
1997
082
_a
6.6
546
_a
ENGLISH
999
_c
32323
_d
32323